[Event "FRA-ch Universities 2019"]
[Site "Paris"]
[Date "2019.02.02"]
[Round "4"]
[White "Defromont, Benjamin"]
[Black "Mugil, Jayavel"]
[Result "1-0"]
[WhiteElo "2113"]
[BlackElo "2001"]
[Annotator "NA RC"]
[PlyCount "142"]
[EventDate "2019.02.01"]
[EventType "swiss"]
[EventCountry "FRA"]
[SourceTitle "playchess.com"]
[Source "ChessBase"]
[SourceQuality "1"]
[TimeControl "900+5"]

1. e4 {[%emt 0:00:00]} e6 {[%emt 0:00:00]} 2. d4 {[%emt 0:00:00]} d5 {[%emt 0:00:00]} 3. Nc3 {[%emt 0:00:00]} Nf6 {[%emt 0:00:01]} 4. e5 {[%emt 0:00:01]} Nfd7 {[%emt 0:00:01]} 5. f4 {[%emt 0:00:02]} c5 {[%emt 0:00:02]} 6. Nf3 {[%emt 0:00:01]} Nc6 {[%emt 0:00:01]} 7. Be3 {[%emt 0:00:02]} a6 {[%emt 0:00:05]} 8. Qd2 {[%emt 0:00:01]} b5 {[%emt 0:00:01]} 9. dxc5 {[%emt 0:00:01]} Nxc5 {[%emt 0:00:22]} 10. Qf2 {[%emt 0:00:11]} Na4 {[%emt 0:01:23]} 11. Nxa4 {[%emt 0:01:41]} bxa4 {[%emt 0:00:02]} 12. c3 {[%emt 0:00:38]} Rb8 {[%emt 0:00:32]} 13. Bd3 {[%emt 0:00:17]} Be7 {[%emt 0:00:26]} 14. h4 {[%emt 0:01:31]} Qa5 {[%emt 0:01:50]} 15. O-O {[%emt 0:00:39]} h5 {[%emt 0:01:50]} 16. Ng5 {[%emt 0:02:32]} a3 {[%emt 0:02:07]} 17. b4 {[%emt 0:00:05]} Qc7 {[%emt 0:00:02]} 18. Rae1 {[%emt 0:00:55]} g6 {[%emt 0:01:05]} 19. Qc2 {[%emt 0:02:19]} Bxg5 {[%emt 0:01:27]} 20. hxg5 {[%emt 0:00:06]} Ne7 {[%emt 0:00:48]} 21. Qa4+ {[%emt 0:00:26]} Bd7 {[%emt 0:00:03]} 22. Qxa3 {[%emt 0:00:11]} O-O {[%emt 0:00:41]} 23. Bc5 {[%emt 0:00:43]} Bb5 {[%emt 0:00:34]} 24. Rf3 {[%emt 0:00:34]} Rfc8 {[%emt 0:00:10]} 25. Kh2 {[%emt 0:00:49]} Bxd3 {[%emt 0:00:02]} 26. Rxd3 {[%emt 0:00:01]} Nf5 {[%emt 0:00:01]} 27. Rb1 {[%emt 0:02:19]} Qb7 {[%emt 0:00:03]} 28. Rbd1 {[%emt 0:00:27]} Qb5 {[%emt 0:00:01]} 29. Qb3 {[%emt 0:00:10]} Kg7 {[%emt 0:00:56]} 30. Qc2 {[%emt 0:00:02]} Qc4 {[%emt 0:00:18]} 31. Qf2 {[%emt 0:00:19]} a5 {[%emt 0:00:15]} 32. a3 {[%emt 0:00:11]} Rb7 {[%emt 0:01:01]} 33. Rf3 {[%emt 0:00:06]} Qb3 {[%emt 0:00:14]} 34. Ra1 {[%emt 0:00:08]} Rbc7 {[%emt 0:00:19]} 35. Qa2 {[%emt 0:00:12]} Qa4 {[%emt 0:00:19]} 36. Rc1 {[%emt 0:00:03]} Rxc5 {[%emt 0:00:05]} 37. bxc5 {[%emt 0:00:03]} Rxc5 {[%emt 0:00:00]} 38. Qb2 {[%emt 0:00:16]} Nh4 {[%emt 0:00:25]} 39. Rf2 {[%emt 0:00:03]} Rb5 {[%emt 0:00:01]} 40. Qa2 {[%emt 0:00:08]} Qe4 {[%emt 0:00:02]} 41. Qe2 {[%emt 0:00:02]} Qa4 {[%emt 0:00:04]} 42. c4 {[%emt 0:00:06]} Rc5 {[%emt 0:00:08]} 43. Qc2 {[%emt 0:00:02]} Qxa3 {[%emt 0:00:03]} 44. Qa2 {[%emt 0:00:08]} Qe3 {[%emt 0:00:05]} 45. Qd2 {[%emt 0:00:05]} Qxd2 {[%emt 0:00:14]} 46. Rxd2 {[%emt 0:00:01]} Nf5 {[%emt 0:00:15]} 47. Ra2 {[%emt 0:00:08]} dxc4 {[%emt 0:00:03]} 48. Rca1 {[%emt 0:00:03]} Rd5 {[%emt 0:00:08]} 49. Rxa5 {[%emt 0:00:03]} Rd2 {[%emt 0:00:02]} 50. Rc5 {[%emt 0:00:10]} Ne3 {[%emt 0:00:06]} 51. Kh1 {[%emt 0:00:04]} Rc2 {[%emt 0:00:11]} 52. Rg1 {[%emt 0:00:08]} h4 {[%emt 0:00:01]} 53. Kh2 {[%emt 0:00:03]} c3 {[%emt 0:00:03]} 54. Kh3 {[%emt 0:00:03]} Nf5 {[%emt 0:00:01]} 55. Rf1 {[%emt 0:00:07]} Ne3 {[%emt 0:00:01]} 56. Rf3 {[%emt 0:00:02]} Nxg2 {[%emt 0:00:04]} 57. Rcxc3 {[%emt 0:00:02]} Nxf4+ {[%emt 0:00:01]} 58. Kxh4 {[%emt 0:00:04]} Rxc3 {[%emt 0:00:25]} 59. Rxc3 {[%emt 0:00:02]} Nd5 {[%emt 0:00:06]} 60. Rc1 {[%emt 0:00:02]} Ne7 {[%emt 0:00:07]} 61. Kg4 {[%emt 0:00:03]} Nf5 {[%emt 0:00:03]} 62. Kf4 {[%emt 0:00:02]} Nh4 {[%emt 0:00:08]} 63. Rc8 {[%emt 0:00:04]} Nf5 {[%emt 0:00:03]} 64. Rc1 {[%emt 0:00:08]} Nh4 {[%emt 0:00:01]} 65. Ke4 {[%emt 0:00:03]} Nf5 {[%emt 0:00:05]} 66. Rg1 {[%emt 0:00:02]} Nh4 {[%emt 0:00:01]} 67. Ke3 {[%emt 0:00:12]} Nf5+ {[%emt 0:00:02]} 68. Kd3 {[%emt 0:00:06]} Nh4 {[%emt 0:00:01]} 69. Rf1 {[%emt 0:00:05]} Nf5 {[%emt 0:00:04]} 70. Rf4 {[%emt 0:00:06]} Ng3 {[%emt 0:00:22]} 71. Kc4 {[%emt 0:00:09]} Nf5 {Kd4} 1-0

[Event "FRA-ch Universities 2019"]
[Site "Paris"]
[Date "2019.02.02"]
[Round "4"]
[White "Cahen, Alexis"]
[Black "Abbassi, Zeyneb"]
[Result "1-0"]
[WhiteElo "2109"]
[BlackElo "1794"]
[Annotator "NA"]
[PlyCount "96"]
[EventDate "2019.02.01"]
[EventType "swiss"]
[EventCountry "FRA"]
[SourceTitle "playchess.com"]
[Source "ChessBase"]
[SourceQuality "1"]
[TimeControl "900+5"]

1. g4 {[%emt 0:00:00]} d5 {[%emt 0:00:09]} 2. g5 {[%emt 0:00:02]} Bg4 {[%emt 0:01:09]} 3. Bg2 {[%emt 0:00:05]} c6 {[%emt 0:00:02]} 4. d3 {[%emt 0:00:17]} e5 {[%emt 0:00:26]} 5. Nc3 {[%emt 0:00:12]} Nd7 {[%emt 0:00:08]} 6. Nf3 {[%emt 0:00:19]} h6 {[%emt 0:00:50]} 7. h4 {[%emt 0:00:02]} Be7 {[%emt 0:00:27]} 8. Rg1 {[%emt 0:01:09]} hxg5 {[%emt 0:00:27]} 9. hxg5 {[%emt 0:01:03]} Qc7 {[%emt 0:01:04]} 10. e4 {[%emt 0:00:16]} d4 {[%emt 0:00:35]} 11. Ne2 {[%emt 0:00:06]} Bb4+ {[%emt 0:00:40]} 12. c3 {[%emt 0:00:52]} dxc3 {[%emt 0:01:20]} 13. bxc3 {[%emt 0:00:02]} Ba5 {[%emt 0:00:33]} 14. Be3 {[%emt 0:00:36]} Ne7 {[%emt 0:00:45]} 15. Qd2 {[%emt 0:00:43]} Ng6 {[%emt 0:00:18]} 16. Ng3 {[%emt 0:00:27]} Bb6 {[%emt 0:00:08]} 17. Nf5 {[%emt 0:00:35]} Bxf5 {[%emt 0:00:20]} 18. exf5 {[%emt 0:00:03]} Bxe3 {[%emt 0:00:01]} 19. fxe3 {[%emt 0:00:46]} Ne7 {[%emt 0:01:32]} 20. e4 {[%emt 0:00:06]} O-O-O {[%emt 0:00:09]} 21. Qe3 {[%emt 0:00:17]} Qa5 {[%emt 0:00:35]} 22. Rc1 {[%emt 0:01:15]} f6 {[%emt 0:00:27]} 23. Bf1 {[%emt 0:00:25]} Rh7 {[%emt 0:01:02]} 24. Rc2 {[%emt 0:00:03]} Nc5 {[%emt 0:00:20]} 25. Kf2 {[%emt 0:00:37]} Na4 {[%emt 0:00:29]} 26. d4 {[%emt 0:00:35]} exd4 {[%emt 0:01:02]} 27. cxd4 {[%emt 0:00:15]} Nxf5 {[%emt 0:00:32]} 28. exf5 {[%emt 0:00:07]} Qxf5 {[%emt 0:00:02]} 29. Bd3 {[%emt 0:01:31]} Rh2+ {[%emt 0:00:33]} 30. Ke1 {[%emt 0:00:24]} Qd7 {[%emt 0:00:22]} 31. Rxh2 {[%emt 0:00:38]} Re8 {[%emt 0:00:04]} 32. Be4 {[%emt 0:00:12]} f5 {[%emt 0:00:03]} 33. Ne5 {[%emt 0:00:13]} Qd6 {[%emt 0:00:19]} 34. Bxf5+ {[%emt 0:00:05]} Kb8 {[%emt 0:00:01]} 35. Nd7+ {[%emt 0:00:34]} Qxd7 {[%emt 0:00:31]} 36. Bxd7 {[%emt 0:00:08]} Rxe3+ {[%emt 0:00:01]} 37. Kf2 {[%emt 0:00:07]} Rd3 {[%emt 0:00:10]} 38. Re1 {[%emt 0:00:11]} Rxd4 {[%emt 0:00:04]} 39. Rh8+ {[%emt 0:00:23]} Kc7 {[%emt 0:00:01]} 40. Bh3 {[%emt 0:00:08]} Rd2+ {[%emt 0:00:00]} 41. Re2 {[%emt 0:00:01]} Rd5 {[%emt 0:00:15]} 42. Re7+ {[%emt 0:00:05]} Kb6 {[%emt 0:00:04]} 43. Rxg7 {[%emt 0:00:04]} Nc3 {[%emt 0:00:04]} 44. g6 {[%emt 0:00:24]} Nxa2 {[%emt 0:00:02]} 45. Rhh7 {[%emt 0:00:06]} a5 {[%emt 0:00:10]} 46. Rxb7+ {[%emt 0:00:03]} Kc5 {[%emt 0:00:02]} 47. g7 {[%emt 0:00:08]} Rg5 {[%emt 0:00:02]} 48. Rh5 {[%emt 0:00:06]} Kd5 {[%emt 0:00:00]} 1-0

[Event "FRA-ch Universities 2019"]
[Site "Paris"]
[Date "2019.02.02"]
[Round "4"]
[White "Halegua, Dani"]
[Black "Graca, Robert"]
[Result "0-1"]
[WhiteElo "1969"]
[BlackElo "2270"]
[Annotator "NA RC"]
[PlyCount "122"]
[EventDate "2019.02.01"]
[EventType "swiss"]
[EventCountry "FRA"]
[SourceTitle "playchess.com"]
[Source "ChessBase"]
[SourceQuality "1"]
[TimeControl "900+5"]

1. e4 {[%emt 0:00:00]} c5 {[%emt 0:00:00]} 2. Nf3 {[%emt 0:00:00]} d6 {[%emt 0:00:00]} 3. Bb5+ {[%emt 0:00:00]} Bd7 {[%emt 0:00:00]} 4. a4 {[%emt 0:00:04]} Nf6 {[%emt 0:00:04]} 5. d3 {[%emt 0:00:02]} g6 {[%emt 0:00:05]} 6. Nbd2 {[%emt 0:00:09]} Bg7 {[%emt 0:00:04]} 7. Nc4 {[%emt 0:00:51]} O-O {[%emt 0:00:13]} 8. Bxd7 {[%emt 0:00:24]} Qxd7 {[%emt 0:00:10]} 9. O-O {[%emt 0:00:06]} Nc6 {[%emt 0:00:16]} 10. a5 {[%emt 0:01:21]} d5 {[%emt 0:00:56]} 11. exd5 {[%emt 0:00:02]} Nxd5 {[%emt 0:00:07]} 12. Re1 {[%emt 0:01:05]} Rad8 {[%emt 0:01:09]} 13. Bg5 {[%emt 0:01:49]} Rfe8 {[%emt 0:00:09]} 14. Qd2 {[%emt 0:00:44]} Qf5 {[%emt 0:00:41]} 15. Nh4 {[%emt 0:01:07]} Qc8 {[%emt 0:00:29]} 16. Nf3 {[%emt 0:00:02]} Qc7 {[%emt 0:01:04]} 17. c3 {[%emt 0:02:25]} Rd7 {[%emt 0:00:32]} 18. Bh6 {[%emt 0:01:27]} Bh8 {[%emt 0:00:12]} 19. h4 {[%emt 0:01:55]} b5 {[%emt 0:01:08]} 20. axb6 {[%emt 0:00:02]} axb6 {[%emt 0:00:01]} 21. h5 {[%emt 0:00:17]} b5 {[%emt 0:00:17]} 22. Ne3 {[%emt 0:00:47]} Red8 {[%emt 0:00:29]} 23. hxg6 {[%emt 0:00:03]} hxg6 {[%emt 0:00:01]} 24. Red1 {[%emt 0:01:43]} Nb6 {[%emt 0:01:20]} 25. Qe2 {[%emt 0:00:14]} Na4 {[%emt 0:00:13]} 26. Bg5 {[%emt 0:00:13]} Na5 {[%emt 0:00:24]} 27. Bh4 {[%emt 0:00:06]} Nc6 {[%emt 0:01:42]} 28. d4 {[%emt 0:00:10]} cxd4 {[%emt 0:00:14]} 29. Nxd4 {[%emt 0:00:04]} Nxd4 {[%emt 0:00:15]} 30. cxd4 {[%emt 0:00:01]} Qb7 {[%emt 0:00:16]} 31. d5 {[%emt 0:00:10]} Bxb2 {[%emt 0:00:45]} 32. Rab1 {[%emt 0:00:07]} Bg7 {[%emt 0:00:31]} 33. Rxb5 {[%emt 0:00:01]} Qa6 {[%emt 0:00:12]} 34. Rb2 {[%emt 0:00:13]} Qxe2 {[%emt 0:00:09]} 35. Rxe2 {[%emt 0:00:02]} Nc3 {[%emt 0:00:01]} 36. Red2 {[%emt 0:00:06]} Nxd1 {[%emt 0:00:03]} 37. Rxd1 {[%emt 0:00:02]} Kf8 {[%emt 0:00:35]} 38. Kf1 {[%emt 0:00:06]} Bh6 {[%emt 0:00:19]} 39. Ng4 {[%emt 0:00:02]} Bf4 {[%emt 0:00:04]} 40. g3 {[%emt 0:00:11]} Bb8 {[%emt 0:00:28]} 41. Ne3 {[%emt 0:00:01]} Ba7 {[%emt 0:00:05]} 42. Bg5 {[%emt 0:00:08]} Bxe3 {[%emt 0:00:09]} 43. Bxe3 {[%emt 0:00:02]} Rxd5 {[%emt 0:00:02]} 44. Bh6+ {[%emt 0:00:08]} Ke8 {[%emt 0:00:10]} 45. Ra1 {[%emt 0:00:02]} Rd1+ {[%emt 0:00:02]} 46. Rxd1 {[%emt 0:00:01]} Rxd1+ {[%emt 0:00:02]} 47. Ke2 {[%emt 0:00:01]} Rb1 {[%emt 0:00:01]} 48. Kf3 {[%emt 0:00:04]} Kd7 {[%emt 0:00:10]} 49. Be3 {[%emt 0:00:05]} Rb3 {[%emt 0:00:03]} 50. Ke4 {[%emt 0:00:05]} Ke6 {[%emt 0:00:07]} 51. Bf4 {[%emt 0:00:06]} Rb4+ {[%emt 0:00:15]} 52. Ke3 {[%emt 0:00:01]} Ra4 {[%emt 0:00:01]} 53. Kf3 {[%emt 0:00:06]} Kf5 {[%emt 0:00:25]} 54. g4+ {[%emt 0:00:15]} Ke6 {[%emt 0:00:02]} 55. Kg3 {[%emt 0:00:06]} Kd5 {[%emt 0:00:02]} 56. Bg5 {[%emt 0:00:08]} f6 {[%emt 0:00:09]} 57. Bd2 {[%emt 0:00:07]} Ke4 {[%emt 0:00:06]} 58. f3+ {[%emt 0:00:01]} Kd3 {[%emt 0:00:01]} 59. Bh6 {[%emt 0:00:07]} Ke2 {[%emt 0:00:36]} 60. Bf8 {[%emt 0:00:04]} e5 {[%emt 0:00:03]} 61. Bg7 {[%emt 0:00:06]} Rf4 {[%emt 0:00:02]} 0-1

[Event "FRA-ch Universities 2019"]
[Site "Paris"]
[Date "2019.02.02"]
[Round "4"]
[White "Deltour, Quentin"]
[Black "Loiseau, Quentin"]
[Result "0-1"]
[WhiteElo "1968"]
[BlackElo "2452"]
[Annotator "ChessBase"]
[PlyCount "56"]
[EventDate "2019.02.01"]
[EventType "swiss"]
[EventCountry "FRA"]
[SourceTitle "playchess.com"]
[Source "ChessBase"]
[SourceQuality "1"]
[TimeControl "900+5"]

1. e4 {[%emt 0:00:00]} e5 {[%emt 0:00:01]} 2. Nf3 {[%emt 0:00:01]} Nc6 {[%emt 0:00:02]} 3. d4 {[%emt 0:00:03]} exd4 {[%emt 0:00:06]} 4. Nxd4 {[%emt 0:00:06]} Qf6 {[%emt 0:00:03]} 5. Be3 {[%emt 0:00:13]} Bc5 {[%emt 0:00:02]} 6. Nb5 {[%emt 0:00:05]} Bxe3 {[%emt 0:00:05]} 7. fxe3 {[%emt 0:00:01]} Qh4+ {[%emt 0:00:10]} 8. g3 {[%emt 0:00:01]} Qd8 {[%emt 0:00:02]} 9. N1c3 {[%emt 0:00:05]} a6 {[%emt 0:00:54]} 10. Nd4 {[%emt 0:00:03]} Nf6 {[%emt 0:00:58]} 11. Bc4 {[%emt 0:00:36]} Ne5 {[%emt 0:00:13]} 12. Bb3 {[%emt 0:00:07]} d6 {[%emt 0:00:18]} 13. h3 {[%emt 0:01:04]} c5 {[%emt 0:00:30]} 14. Nf3 {[%emt 0:01:41]} Qe7 {[%emt 0:00:59]} 15. Nd5 {[%emt 0:01:50]} Nxd5 {[%emt 0:00:07]} 16. Bxd5 {[%emt 0:00:02]} O-O {[%emt 0:00:16]} 17. Qe2 {[%emt 0:02:22]} Qf6 {[%emt 0:00:16]} 18. Nxe5 {[%emt 0:02:12]} Qxe5 {[%emt 0:00:03]} 19. O-O-O {[%emt 0:00:04]} Qxg3 {[%emt 0:00:25]} 20. Rdg1 Qe5 21. h4 {[%emt 0:00:51]} Be6 {[%emt 0:01:50]} 22. Rg5 {[%emt 0:00:38]} Qf6 {[%emt 0:00:01]} 23. Rf1 {[%emt 0:02:45]} Qe7 {[%emt 0:00:26]} 24. Qg2 {[%emt 0:00:19]} g6 {[%emt 0:00:27]} 25. h5 {[%emt 0:01:29]} Bxd5 {[%emt 0:00:37]} 26. exd5 {[%emt 0:00:01]} Qxe3+ {[%emt 0:00:15]} 27. Kb1 {[%emt 0:00:00]} Rae8 {[%emt 0:00:06]} 28. a3 {[%emt 0:00:25]} Re5 {[%emt 0:00:27]} 0-1

[Event "FRA-ch Universities 2019"]
[Site "Paris"]
[Date "2019.02.02"]
[Round "4"]
[White "Noir, Mathys"]
[Black "Eden, James"]
[Result "0-1"]
[WhiteElo "1889"]
[BlackElo "2338"]
[Annotator "NA"]
[PlyCount "66"]
[EventDate "2019.02.01"]
[EventType "swiss"]
[EventCountry "FRA"]
[SourceTitle "playchess.com"]
[Source "ChessBase"]
[SourceQuality "1"]
[TimeControl "900+5"]

1. e4 {[%emt 0:00:00]} c5 {[%emt 0:00:04]} 2. d4 {[%emt 0:00:00]} cxd4 {[%emt 0:00:19]} 3. c3 {[%emt 0:00:04]} dxc3 {[%emt 0:00:12]} 4. Nxc3 {[%emt 0:00:05]} d6 {[%emt 0:00:03]} 5. Nf3 {[%emt 0:00:05]} Nc6 {[%emt 0:00:23]} 6. Bc4 {[%emt 0:00:06]} Nf6 {[%emt 0:00:24]} 7. e5 {[%emt 0:00:06]} dxe5 {[%emt 0:00:21]} 8. Qxd8+ {[%emt 0:00:06]} Nxd8 {[%emt 0:00:06]} 9. Nb5 {[%emt 0:00:04]} Rb8 {[%emt 0:02:13]} 10. Nxe5 {[%emt 0:00:05]} e6 {[%emt 0:00:20]} 11. Nc7+ {[%emt 0:00:10]} Ke7 {[%emt 0:00:02]} 12. Bd2 {[%emt 0:01:50]} Nc6 {[%emt 0:00:10]} 13. Bc3 {[%emt 0:00:49]} Ne4 {[%emt 0:03:48]} 14. Na6 {[%emt 0:02:33]} Ra8 {[%emt 0:01:35]} 15. Nc7 {[%emt 0:00:10]} Nxc3 {[%emt 0:01:19]} 16. Nxc6+ {[%emt 0:00:08]} bxc6 {[%emt 0:00:02]} 17. Nxa8 {[%emt 0:00:09]} Nd5 {[%emt 0:00:02]} 18. O-O {[%emt 0:03:52]} Bb7 {[%emt 0:00:01]} 19. Bxd5 {[%emt 0:00:01]} exd5 {[%emt 0:00:09]} 20. Nc7 {[%emt 0:00:02]} Kd7 {[%emt 0:00:03]} 21. Rfe1 {[%emt 0:01:07]} Bd6 {[%emt 0:00:03]} 22. Nxd5 {[%emt 0:00:08]} cxd5 {[%emt 0:00:02]} 23. Rac1 {[%emt 0:00:34]} h5 {[%emt 0:00:03]} 24. a3 {[%emt 0:00:18]} h4 {[%emt 0:00:06]} 25. Rc3 {[%emt 0:00:20]} Rh6 {[%emt 0:00:09]} 26. Rf3 {[%emt 0:00:08]} f6 {[%emt 0:00:09]} 27. b4 {[%emt 0:00:35]} Rg6 {[%emt 0:00:06]} 28. g3 {[%emt 0:00:07]} hxg3 {[%emt 0:00:08]} 29. fxg3 {[%emt 0:00:05]} Rg4 {[%emt 0:00:17]} 30. Re2 {[%emt 0:00:40]} a5 {[%emt 0:00:16]} 31. b5 {[%emt 0:00:50]} Rc4 {[%emt 0:00:24]} 32. h4 {[%emt 0:00:57]} Rc1+ {[%emt 0:00:13]} 33. Rf1 {[%emt 0:00:27]} Bc5+ {[%emt 0:00:04]} 0-1

[Event "FRA-ch Universities 2019"]
[Site "Paris"]
[Date "2019.02.02"]
[Round "4"]
[White "Kadiri, Mustapha Kamel"]
[Black "Brunier, Jules"]
[Result "0-1"]
[WhiteElo "1880"]
[BlackElo "2015"]
[Annotator "NA"]
[PlyCount "80"]
[EventDate "2019.02.01"]
[EventType "swiss"]
[EventCountry "FRA"]
[SourceTitle "playchess.com"]
[Source "ChessBase"]
[SourceQuality "1"]
[TimeControl "900+5"]

1. d4 {[%emt 0:00:00]} d5 {[%emt 0:00:00]} 2. Nf3 {[%emt 0:00:02]} Nf6 {[%emt 0:00:00]} 3. Bf4 {[%emt 0:00:05]} e6 {[%emt 0:00:10]} 4. c3 {[%emt 0:00:02]} Ne4 {[%emt 0:01:53]} 5. Nbd2 {[%emt 0:00:07]} f5 {[%emt 0:00:12]} 6. e3 {[%emt 0:00:10]} Bd6 {[%emt 0:00:14]} 7. Bxd6 {[%emt 0:00:03]} cxd6 {[%emt 0:00:09]} 8. Be2 {[%emt 0:00:23]} O-O {[%emt 0:00:05]} 9. O-O {[%emt 0:00:02]} Nd7 {[%emt 0:00:12]} 10. Qb3 {[%emt 0:00:51]} Ndf6 {[%emt 0:00:21]} 11. Rad1 {[%emt 0:00:06]} b6 {[%emt 0:01:02]} 12. a4 {[%emt 0:00:50]} g5 {[%emt 0:01:41]} 13. Nxe4 {[%emt 0:00:05]} Nxe4 {[%emt 0:00:03]} 14. Nd2 {[%emt 0:00:02]} Rf6 {[%emt 0:00:21]} 15. f3 {[%emt 0:01:54]} Nxd2 {[%emt 0:00:23]} 16. Rxd2 {[%emt 0:00:01]} Bb7 {[%emt 0:00:18]} 17. Re1 {[%emt 0:00:17]} f4 {[%emt 0:00:44]} 18. Bf1 {[%emt 0:01:17]} Kh8 {[%emt 0:00:14]} 19. a5 {[%emt 0:00:02]} Rh6 {[%emt 0:01:15]} 20. a6 {[%emt 0:00:09]} Bc6 {[%emt 0:00:05]} 21. Qd1 {[%emt 0:00:48]} Qe8 {[%emt 0:00:57]} 22. Qe2 {[%emt 0:02:34]} Qh5 {[%emt 0:00:11]} 23. h3 {[%emt 0:00:01]} Rg8 {[%emt 0:00:43]} 24. Qd1 {[%emt 0:02:24]} Bd7 {[%emt 0:00:09]} 25. e4 {[%emt 0:00:13]} e5 {[%emt 0:01:06]} 26. dxe5 {[%emt 0:00:10]} g4 {[%emt 0:00:06]} 27. fxg4 {[%emt 0:00:07]} Bxg4 {[%emt 0:00:04]} 28. Be2 {[%emt 0:00:01]} f3 {[%emt 0:00:28]} 29. hxg4 {[%emt 0:01:10]} Qh2+ {[%emt 0:00:27]} 30. Kf2 {[%emt 0:00:00]} Qxg2+ {[%emt 0:00:43]} 31. Ke3 {[%emt 0:00:02]} f2 {[%emt 0:00:19]} 32. Bf3 {[%emt 0:00:45]} fxe1=Q+ {[%emt 0:00:41]} 33. Qxe1 {[%emt 0:00:01]} Qh3 {[%emt 0:00:18]} 34. Rxd5 {[%emt 0:01:09]} Rf8 {[%emt 0:00:31]} 35. Qe2 {[%emt 0:00:06]} dxe5 {[%emt 0:00:07]} 36. Rxe5 {[%emt 0:00:03]} Qg3 {[%emt 0:00:23]} 37. Rf5 {[%emt 0:00:02]} Rd8 {[%emt 0:00:21]} 38. Qb5 {[%emt 0:00:53]} Qe1+ {[%emt 0:00:07]} 39. Kf4 {[%emt 0:00:02]} Qd2+ {[%emt 0:00:02]} 40. Ke5 {[%emt 0:00:19]} Qd6# {[%emt 0:00:05] Kf4} 0-1

[Event "FRA-ch Universities 2019"]
[Site "Paris"]
[Date "2019.02.02"]
[Round "5"]
[White "Loiseau, Quentin"]
[Black "Brethes, Francois"]
[Result "1-0"]
[WhiteElo "2452"]
[BlackElo "2267"]
[Annotator "TA"]
[PlyCount "123"]
[EventDate "2019.02.01"]
[EventType "swiss"]
[EventCountry "FRA"]
[SourceTitle "playchess.com"]
[Source "ChessBase"]
[SourceQuality "1"]

{[%evp 10,122,26,30,25,30,29,5,10,0,33,14,17,0,0,0,17,13,20,17,13,21,4,8,9,-20,0,-27,-7,-62,-20,-83,0,0,0,-52,0,-8,-9,-189,-182,-420,-425,-470,-79,-91,0,0,112,114,94,58,56,68,144,95,84,92,64,0,0,0,0,-116,0,0,0,-5,-12,-10,-12,-8,-9,-112,-53,-223,-252,-945,170,0,0,0,0,0,0,0,0,-111,-106,-104,0,0,29954,12803,29983,29984,29986,29987,29987,29988,29988,29989,29989,29990,29990,29991,29991,29990,29990,29989,29996,29997,29998,29999,29999]} 1. d4 Nf6 2. c4 e6 3. Nf3 Bb4+ 4. Nbd2 O-O 5. a3 Bxd2+ 6. Qxd2 Qe7 $146 {E11: Bogo-Indian} ({Predecessor:} 6... d6 7. e3 {½-½ (23) Ding,L (2781)-Wang,C (2529) Shenzhen 2015}) 7. e3 d6 8. Be2 e5 {The position is equal.} 9. O-O Bf5 ({Predecessor:} 9... e4 10. Ne1 Bg4 11. f3 exf3 12. gxf3 Bh3 13. Rf2 Nbd7 14. e4 h6 {½-½ (23) Ding,L (2781)-Wang,C (2529) Shenzhen 2015}) 10. dxe5 dxe5 11. Qc3 Nbd7 12. b4 c5 13. Bb2 {[%cal Rf3e5]} Bg4 {White must now prevent ...e4.} 14. h3 Bh5 $1 15. Rfe1 {[%cal Rf3e5]} Rfe8 16. Rad1 Rad8 17. g4 Ne4 18. Qb3 Bg6 19. Rd5 ({Better is} 19. Qa4 $1 $11) 19... Nef6 20. Rdd1 (20. Nxe5 $1 $11 Nxd5 21. Nxg6 hxg6 22. cxd5) 20... Be4 (20... h5 $17 21. Nh4 Bh7) 21. Nd2 Bg6 22. Bf3 (22. Nf3 $11) 22... e4 (22... h5 $15) 23. Bg2 Ne5 24. Qc3 $2 (24. Bxe5 $11 Qxe5 25. Nf1) 24... Nd3 $19 25. g5 $2 (25. Rf1 {was worth a try.}) 25... Nh5 ({Not} 25... Nxe1 26. gxf6 Qd7 27. Rxe1 $17) 26. h4 Nxb2 $2 (26... Qe6 $19 {and Black stays clearly on top.} 27. Nb3 cxb4 28. axb4 Qg4) 27. Qxb2 $17 Qe6 (27... f6 $17 28. bxc5 fxg5 29. hxg5 Rb8) 28. Nf1 $11 Qg4 (28... Rd3 $11) 29. Rxd8 $16 Rxd8 30. Qe5 cxb4 31. axb4 Qxh4 (31... h6 $14) 32. Qe7 {[%cal Re7d8]} Rf8 33. Rd1 {White wants to mate with Rd8.} h6 34. Rd8 (34. Qxb7 $14 Qxg5 35. Qxa7) 34... Rxd8 $40 {[%mdl 128] White needs to defend precisely.} 35. Qxd8+ Kh7 36. c5 (36. Qb8 $11 {remains equal.}) 36... hxg5 (36... Qxg5 $17 37. Qxg5 hxg5) 37. b5 Nf6 38. c6 bxc6 39. bxc6 {Ng3 is the strong threat.} Ng4 40. Qd2 {Strongly threatening Ng3.} Bf5 41. Ng3 (41. c7 $11) 41... Be6 (41... Qh2+ $1 $17 42. Kf1 Bc8 43. Bxe4+ g6) 42. Bxe4+ $2 (42. Qd4 $1 $15) 42... g6 $19 {( -> ...Qh2+)} 43. Bg2 $2 (43. Bd3) 43... Ne5 $4 {[%mdl 8192]} (43... Qh2+ $19 44. Kf1 Bc4+ 45. Ne2 Qh4) 44. c7 $2 (44. Qd6 $18 Ng4 45. Ne4) 44... Qc4 $11 45. Qd8 Qc1+ 46. Nf1 a5 {Hoping for ...a4.} 47. Qd6 Ng4 {aiming for ...a4.} 48. Bc6 (48. Qc6 $1 $11 Qb2 49. Qxe6 $1 {[%mdl 576] Remove Defender} fxe6 50. c8=Q Qxf2+ {[%mdl 64] Double Attack} 51. Kh1) 48... Qc2 $17 49. Nd2 a4 (49... Qd1+ $17 50. Kg2 Qe2) 50. Bd7 $11 a3 $2 {[%mdl 8192]} (50... Qd1+ $11 51. Kg2 Nxe3+ 52. fxe3 Qg4+ 53. Kf2 Qf5+ 54. Ke1 Bxd7) 51. Bxe6 fxe6 {[#]} 52. Qd7+ $1 {White mates.} Kh6 53. c8=Q {[%cal Rc8h8]} Qd1+ 54. Kg2 {[%cal Rc8h8]} Nxe3+ 55. fxe3 {[%cal Rc8h8]} (55. Kh2 $2 {gets mated.} Qh5+ 56. Kg3 Qg4+ 57. Kh2 Qg2#) 55... Qe2+ 56. Kg1 {[%cal Rc8h8]} Qxe3+ 57. Kf1 {[%cal Rc8h8]} Qf4+ 58. Ke2 {[%cal Rc8h8]} Qe5+ 59. Kf2 a2 60. Qf8+ Kh5 61. Qh7+ Kg4 62. Qf3# {Accuracy: White = 36%, Black = 39%.} 1-0